Katanga, piel de fuego / (Record no. 113028)

MARC details
000 -LEADER
campo de control de longitud fija 00522nam a2200169 4500
001 - NÚMERO DE CONTROL
campo de control 113028
003 - IDENTIFICADOR DE NÚMERO DE CONTROL
campo de control ES-MaACL
005 - FECHA Y HORA DE LA ÚLTIMA TRANSACCIÓN
campo de control 20230906185730.0
007 - CAMPO FIJO DE DESCRIPCIÓN FÍSICA--INFORMACIÓN GENERAL
campo de control de longitud fija t|
008 - DATOS DE LONGITUD FIJA--INFORMACIÓN GENERAL
campo de control de longitud fija 061121s1962 ag r ||||1| spa d
100 1# - ENTRADA PRINCIPAL--NOMBRE DE PERSONA
Nombre de persona Musini, Pierercole.
9 (RLIN) 84683
245 10 - MENCIÓN DEL TÍTULO
Título Katanga, piel de fuego /
Mención de responsabilidad, etc. Pierercole Musini ; versión española de Juan Cornudella.
260 ## - PUBLICACIÓN, DISTRIBUCIÓN, ETC.
Lugar de publicación, distribución, etc. Buenos Aires [etc.] :
Nombre del editor, distribuidor, etc. Plaza & Janés,
Fecha de publicación, distribución, etc. 1962.
300 ## - DESCRIPCIÓN FÍSICA
Extensión 273 p. ;
Dimensiones 19 cm.
700 1# - ENTRADA AGREGADA--NOMBRE PERSONAL
Nombre de persona Cornudella, Juan.
9 (RLIN) 40643
852 ## - LOCALIZACIÓN
Ubicación ES-MaACL
Número de control de estantería C-21202
Sublocalización o colección R.49713
Holdings
Estatus retirado Estado de pérdida Estado de daño No para préstamo Biblioteca de origen Biblioteca actual Ubicación en estantería Fecha de adquisición Fuente de adquisición Total de préstamos Signatura topográfica completa Código de barras Visto por última vez Precio de reemplazo Tipo de ítem Koha
        Biblioteca del Ateneo de Madrid Biblioteca del Ateneo de Madrid Galería 17/01/2008     C-21202 1117897 23/02/2023 23/02/2023 Libro impreso